Second Hopf map and supersymmetric mechanics with a Yang monopole; Physical Review D; Vol. 80, iss. 2

Manylion Llyfryddiaeth
Parent link:Physical Review D: Particles, Fields, Gravitation, and Cosmology
Vol. 80, iss. 2.— 2009.— [025022, 13 p.]
Awduron Eraill: Gonzales M., Kuznetsova Z., Nersessian A. P. Armen Petrosovich, Toppan F., Yeghikyan V.
Crynodeb:Title screen
We propose to use the second Hopf map for the reduction [via SU(2) group action] of the eight-dimensional N=8 supersymmetric mechanics to five-dimensional supersymmetric systems specified by the presence of an SU(2) Yang monopole. For our purpose we develop the relevant reduction procedure. The reduced system is characterized by its invariance under the N=5 or N=4supersymmetry generators (with or without an additional conserved Becchi-Rouet-Stora-Tyutin charge operator) which commute with the su(2) generators.
Режим доступа: по договору с организацией-держателем ресурса
Iaith:Saesneg
Cyhoeddwyd: 2009
Pynciau:
Mynediad Ar-lein:http://dx.doi.org/10.1103/PhysRevD.80.025022
http://arxiv.org/abs/0902.2682
Fformat: MixedMaterials Electronig Pennod Llyfr
KOHA link:https://koha.lib.tpu.ru/cgi-bin/koha/opac-detail.pl?biblionumber=641541

MARC

LEADER 00000naa0a2200000 4500
001 641541
005 20250328134209.0
035 |a (RuTPU)RU\TPU\network\6458 
035 |a RU\TPU\network\6452 
090 |a 641541 
100 |a 20150521a2009 k y0engy50 ba 
101 0 |a eng 
102 |a US 
135 |a drcn ---uucaa 
181 0 |a i  
182 0 |a b 
200 1 |a Second Hopf map and supersymmetric mechanics with a Yang monopole  |f M. Gonzales [et al.] 
203 |a Text  |c electronic 
300 |a Title screen 
320 |a [References: 33 tit.] 
330 |a We propose to use the second Hopf map for the reduction [via SU(2) group action] of the eight-dimensional N=8 supersymmetric mechanics to five-dimensional supersymmetric systems specified by the presence of an SU(2) Yang monopole. For our purpose we develop the relevant reduction procedure. The reduced system is characterized by its invariance under the N=5 or N=4supersymmetry generators (with or without an additional conserved Becchi-Rouet-Stora-Tyutin charge operator) which commute with the su(2) generators. 
333 |a Режим доступа: по договору с организацией-держателем ресурса 
461 |t Physical Review D  |o Particles, Fields, Gravitation, and Cosmology  |o Scientific Journal 
463 |t Vol. 80, iss. 2  |v [025022, 13 p.]  |d 2009 
610 1 |a электронный ресурс 
610 1 |a труды учёных ТПУ 
701 1 |a Gonzales  |b M. 
701 1 |a Kuznetsova  |b Z. 
701 1 |a Nersessian  |b A. P.  |c physicist  |c Professor of Tomsk Polytechnic University  |f 1964-  |g Armen Petrosovich  |3 (RuTPU)RU\TPU\pers\34605  |9 17967 
701 1 |a Toppan  |b F. 
701 1 |a Yeghikyan  |b V. 
801 2 |a RU  |b 63413507  |c 20150521  |g RCR 
856 4 |u http://dx.doi.org/10.1103/PhysRevD.80.025022 
856 4 |u http://arxiv.org/abs/0902.2682 
942 |c CF